[Event "Bayern-chI Bank Hofmann 24th"]
[Site "Tegernsee"]
[Date "2021.11.07"]
[Round "9"]
[White "Forchert, Martin"]
[Black "Mueller, Frank"]
[Result "1-0"]
[WhiteElo "2321"]
[BlackElo "2069"]
[PlyCount "89"]
[EventDate "2021.10.30"]
[EventType "swiss"]
[EventRounds "9"]
[EventCountry "GER"]
[SourceTitle "CBM 205 Extra"]
[Source "ChessBase"]
[SourceDate "2022.01.31"]
[SourceVersion "1"]
[SourceVersionDate "2022.01.31"]
[SourceQuality "1"]

1. e4 c5 2. Nf3 e6 3. d4 cxd4 4. Nxd4 Nc6 5. Nb5 d6 6. c4 Nf6 7. N1c3 a6 8. Na3 Qa5 9. Bd2 Be7 10. Be2 0-0 11. Nc2 Qc7 12. Rc1 b6 13. 0-0 Bb7 14. f3 Rac8 15. Be3 Ne5 16. Na4 Nfd7 17. Nd4 Nc5 18. Nc3 Nc6 19. Nc2 Bf6 20. Qd2 Ne5 21. Rfd1 Rfd8 22. Na3 Nc6 23. Bf1 Be5 24. Kh1 Rf8 25. Nab1 Rcd8 26. Nd5 exd5 27. cxd5 Ne7 28. b4 Qb8 29. bxc5 dxc5 30. f4 Bc7 31. Nc3 Kh8 32. g4 f6 33. Bd3 Ng6 34. Rf1 Rfe8 35. a4 Bd6 36. Qf2 Rd7 37. h4 Qc8 38. h5 Nf8 39. Bc4 Rde7 40. Qf3 Rf7 41. Rb1 Qd8 42. Bd2 Nd7 43. Ne2 Qc7 44. Ng3 Rfe7 45. Rfe1 1-0

[Event "Hamburg-chT Landesliga 1819"]
[Site "Hamburg"]
[Date "2019.02.24"]
[Round "7.7"]
[White "Peters, Thomas"]
[Black "Mueller, Frank"]
[Result "0-1"]
[WhiteElo "1807"]
[BlackElo "2081"]
[PlyCount "116"]
[EventDate "2018.10.21"]
[EventType "team-tourn"]
[EventRounds "9"]
[EventCountry "GER"]
[SourceTitle "EXT 2020"]
[Source "ChessBase"]
[SourceDate "2019.10.17"]
[SourceVersion "1"]
[SourceVersionDate "2019.10.17"]
[SourceQuality "1"]
[WhiteTeam "Fischbek"]
[BlackTeam "St Pauli III"]
[WhiteTeamCountry "GER"]
[BlackTeamCountry "GER"]

1. Nc3 g6 2. h4 h5 3. e4 d6 4. d4 e6 5. Bg5 Be7 6. Nf3 Nd7 7. e5 d5 8. Qd2 a6 9. Be2 c5 10. 0-0-0 b5 11. Bxe7 Nxe7 12. dxc5 Nxc5 13. Qd4 Qc7 14. Qf4 Rb8 15. Qf6 Rf8 16. Bd3 b4 17. Ne2 b3 18. axb3 Nxb3+ 19. Kb1 Nc5 20. Ned4 Qb6 21. b3 Bd7 22. Qf4 a5 23. Qe3 a4 24. Nd2 axb3 25. N2xb3 Nc6 26. Nb5 Nxe5 27. Qxe5 Bxb5 28. Nxc5 Bxd3+ 29. Kc1 Qb1+ 30. Kd2 Qxc2+ 31. Ke1 Rb1 32. Rxb1 Qxb1+ 33. Kd2 Qc2+ 34. Ke3 Qxc5+ 35. Kxd3 Kd7 36. Rb1 Rc8 37. Rb7+ Rc7 38. Rxc7+ Qxc7 39. Qf6 Qc4+ 40. Kd2 Qb4+ 41. Ke2 Qe4+ 42. Kd2 Qf5 43. Qd4 Ke7 44. f3 g5 45. Ke3 gxh4 46. Qxh4+ Kf8 47. Qd4 f6 48. Qc5+ Kf7 49. Qc7+ Kg6 50. Qd8 Qg5+ 51. Kf2 h4 52. Qg8+ Kf5 53. Qh7+ Kf4 54. Qd3 Qg3+ 55. Kf1 h3 56. Qd2+ Kf5 57. Qc2+ Kg5 58. Qd2+ Kh5 0-1

[Event "NRW Class2 1819"]
[Site "Germany"]
[Date "2019.02.17"]
[Round "6.3"]
[White "Mueller, Frank"]
[Black "Nagel, Bernhard"]
[Result "1-0"]
[WhiteElo "1991"]
[BlackElo "2151"]
[PlyCount "85"]
[EventDate "2018.09.16"]
[EventType "team-tourn"]
[EventRounds "9"]
[EventCountry "GER"]
[SourceTitle "EXT 2022"]
[Source "ChessBase"]
[SourceDate "2021.10.06"]
[SourceVersion "1"]
[SourceVersionDate "2021.10.06"]
[SourceQuality "1"]
[WhiteTeam "Sodingen/Castrop SK"]
[BlackTeam "Koeln Lasker"]
[WhiteTeamCountry "GER"]
[BlackTeamCountry "GER"]

1. e4 c5 2. Nc3 e6 3. Nge2 Nc6 4. g3 a6 5. Bg2 d6 6. 0-0 Nge7 7. d3 b5 8. f4 g6 9. f5 Bd7 10. Bg5 Qb6 11. fxg6 hxg6 12. Qd2 Rh7 13. e5 d5 14. Qf4 0-0-0 15. Nd1 Bg7 16. Bxe7 Nxe7 17. Qxf7 Nf5 18. Qxg6 Rdh8 19. Rxf5 Be8 20. Qg5 exf5 21. Nf4 c4+ 22. Nf2 Bc6 23. Qxf5+ Kb8 24. Ng6 Rd8 25. Ne7 Rh6 26. Qg5 Bf8 27. Nf5 Rh8 28. Qf6 Rg8 29. d4 c3 30. bxc3 Ba3 31. e6 Rde8 32. e7 Qc7 33. Re1 Kb7 34. Nd3 Kb8 35. Re6 Bb7 36. Nc5 Bxc5 37. dxc5 Qxc5+ 38. Kh1 Qa3 39. h4 Qc1+ 40. Kh2 Qxc2 41. Qe5+ Ka8 42. Nd6 Qd3 43. Nxb7 1-0

[Event "NRW Class2 1819"]
[Site "Germany"]
[Date "2019.01.13"]
[Round "5.6"]
[White "Mueller, Frank"]
[Black "Asani, Baskim"]
[Result "0-1"]
[WhiteElo "1991"]
[BlackElo "1901"]
[PlyCount "106"]
[EventDate "2018.09.16"]
[EventType "team-tourn"]
[EventRounds "9"]
[EventCountry "GER"]
[SourceTitle "EXT 2022"]
[Source "ChessBase"]
[SourceDate "2021.10.06"]
[SourceVersion "1"]
[SourceVersionDate "2021.10.06"]
[SourceQuality "1"]
[WhiteTeam "Sodingen/Castrop SK"]
[BlackTeam "Guetersloh"]
[WhiteTeamCountry "GER"]
[BlackTeamCountry "GER"]

1. e4 e6 2. d4 d5 3. Nd2 a6 4. Ngf3 c5 5. dxc5 Bxc5 6. Bd3 Nf6 7. 0-0 Nc6 8. c3 0-0 9. e5 Nd7 10. Nb3 Be7 11. Re1 f6 12. exf6 Bxf6 13. Bc2 Re8 14. Bf4 Nf8 15. Nbd4 Qb6 16. Rb1 Bd7 17. Ne5 Nxd4 18. cxd4 Rac8 19. Re3 Red8 20. Qd2 Be8 21. Rbe1 Kh8 22. Bb1 Qa7 23. g4 g6 24. g5 Bg7 25. h4 b5 26. Kg2 a5 27. Nf3 b4 28. Be5 Qf7 29. Bxg7+ Kxg7 30. a3 Rb8 31. axb4 Rxb4 32. Rc3 Rdb8 33. Ne5 Qa7 34. Qf4 Qe7 35. Nd3 R4b6 36. Qe5+ Kg8 37. Nf4 Qg7 38. Qxg7+ Kxg7 39. Rc7+ Kg8 40. Bd3 Bf7 41. Ra1 Rb4 42. Ne2 Rb3 43. Nf4 R3b4 44. Ne2 e5 45. dxe5 Ne6 46. Ra7 Rb3 47. Ba6 Rxb2 48. Rxa5 R8b6 49. Nc3 Rd2 50. Nb5 Rb8 51. Nd6 Nf4+ 52. Kg3 Rb3+ 53. f3 Nh5+ 0-1

[Event "NRW Class2 1819"]
[Site "Germany"]
[Date "2018.12.09"]
[Round "4.5"]
[White "Mueller, Frank"]
[Black "Kind, Bertram"]
[Result "0-1"]
[WhiteElo "1992"]
[BlackElo "2129"]
[PlyCount "118"]
[EventDate "2018.09.16"]
[EventType "team-tourn"]
[EventRounds "9"]
[EventCountry "GER"]
[SourceTitle "EXT 2022"]
[Source "ChessBase"]
[SourceDate "2021.10.06"]
[SourceVersion "1"]
[SourceVersionDate "2021.10.06"]
[SourceQuality "1"]
[WhiteTeam "Sodingen/Castrop SK"]
[BlackTeam "Iserlohn Koenigsspringer"]
[WhiteTeamCountry "GER"]
[BlackTeamCountry "GER"]

1. e4 c5 2. Nc3 e6 3. Nge2 d5 4. exd5 exd5 5. d4 Nf6 6. g3 Nc6 7. Bg2 cxd4 8. Nxd4 Bg4 9. Qd3 Be7 10. Be3 0-0 11. h3 Bh5 12. 0-0 Bg6 13. Qd2 Ne5 14. b3 Rc8 15. f4 Bb4 16. Nde2 Ned7 17. f5 Bh5 18. g4 Bxg4 19. hxg4 Nxg4 20. Bd4 Ndf6 21. Qg5 Qc7 22. Rf4 h6 23. Qh4 h5 24. Qg5 Bc5 25. Rd1 Qe5 26. Bh3 Bxd4+ 27. Rdxd4 Qe3+ 28. Kg2 Rxc3 29. Nxc3 Qxc3 30. Bxg4 hxg4 31. Qh4 Re8 32. Qf2 Qh3+ 33. Kg1 Re3 34. Rd3 Rxd3 35. cxd3 Qxd3 36. Rd4 Qc3 37. Qf4 Qa1+ 38. Kg2 Qxa2+ 39. Rd2 Qxb3 40. Qb8+ Kh7 41. Qh2+ Qh3+ 42. Qxh3+ gxh3+ 43. Kxh3 Kh6 44. Kh4 g6 45. fxg6 Kxg6 46. Ra2 a6 47. Rb2 b5 48. Ra2 Kf5 49. Rxa6 Ne4 50. Rb6 Nc3 51. Kg3 Ke4 52. Rf6 d4 53. Rxf7 d3 54. Re7+ Kd4 55. Kf3 b4 56. Rd7+ Nd5 57. Rd8 b3 58. Rb8 Kc3 59. Rc8+ Kd2 0-1

[Event "NRW Class2 1819"]
[Site "Germany"]
[Date "2018.10.14"]
[Round "2.4"]
[White "Grabowski, Pawel"]
[Black "Mueller, Frank"]
[Result "1/2-1/2"]
[WhiteElo "2218"]
[BlackElo "1997"]
[PlyCount "64"]
[EventDate "2018.09.16"]
[EventType "team-tourn"]
[EventRounds "9"]
[EventCountry "GER"]
[SourceTitle "EXT 2022"]
[Source "ChessBase"]
[SourceDate "2021.10.06"]
[SourceVersion "1"]
[SourceVersionDate "2021.10.06"]
[SourceQuality "1"]
[WhiteTeam "Godesberg"]
[BlackTeam "Sodingen/Castrop SK"]
[WhiteTeamCountry "GER"]
[BlackTeamCountry "GER"]

1. d4 Nf6 2. c4 g6 3. Nc3 d5 4. cxd5 Nxd5 5. e4 Nxc3 6. bxc3 Bg7 7. Be3 c5 8. Qd2 Qa5 9. Rc1 cxd4 10. cxd4 Qxd2+ 11. Kxd2 0-0 12. Bb5 Rd8 13. Ne2 Nc6 14. Bxc6 bxc6 15. Rhd1 Ba6 16. Ke1 Rd7 17. e5 Rb8 18. Rd2 f6 19. f4 Rb4 20. g4 fxe5 21. fxe5 Bc4 22. Rdc2 Bd5 23. g5 e6 24. Nc3 Bf3 25. Ne2 Be4 26. Rd2 Rdb7 27. Nf4 Rb1 28. Rxb1 Rxb1+ 29. Kf2 Kf7 30. Nd3 Bf8 31. Nc5 Bxc5 32. dxc5 Bd5 1/2-1/2

[Event "Hamburg-chT Landesliga 1718"]
[Site "Hamburg"]
[Date "2018.04.21"]
[Round "8.5"]
[White "Mueller, Frank"]
[Black "Posske, Thore"]
[Result "1/2-1/2"]
[WhiteElo "2068"]
[BlackElo "1990"]
[PlyCount "53"]
[EventDate "2017.10.08"]
[EventType "team-tourn"]
[EventRounds "9"]
[EventCountry "GER"]
[SourceTitle "EXT 2021"]
[Source "ChessBase"]
[SourceDate "2020.10.23"]
[SourceVersion "1"]
[SourceVersionDate "2020.10.23"]
[SourceQuality "1"]
[WhiteTeam "St Pauli III"]
[BlackTeam "Hamburger SK IV"]
[WhiteTeamCountry "GER"]
[BlackTeamCountry "GER"]

1. Nf3 c6 2. g3 d6 3. Bg2 e5 4. d3 Bg4 5. h3 Be6 6. 0-0 Be7 7. c4 Qc8 8. Kh2 h5 9. e4 f6 10. Nh4 g5 11. Ng6 Rh7 12. Nxe7 Nxe7 13. f4 h4 14. fxg5 Bxh3 15. Qf3 hxg3+ 16. Qxg3 Be6+ 17. Kg1 fxg5 18. Bxg5 Na6 19. Bxe7 Kxe7 20. Qg5+ Kd7 21. Rf6 Qh8 22. Rg6 Rf8 23. Nd2 Bf7 24. Qf5+ Ke7 25. Qg5+ Kd7 26. Qf5+ Ke7 27. Qg5+ 1/2-1/2

[Event "Ruhrgebiet Regionalliga 1718"]
[Site "Germany"]
[Date "2017.11.12"]
[Round "3.6"]
[White "Mueller, Frank"]
[Black "Brockmann, Fabian"]
[Result "1/2-1/2"]
[WhiteElo "2019"]
[BlackElo "1965"]
[PlyCount "54"]
[EventDate "2017.10.01"]
[EventType "team-tourn"]
[EventRounds "9"]
[EventCountry "GER"]
[SourceTitle "EXT 2022"]
[Source "ChessBase"]
[SourceDate "2021.10.06"]
[SourceVersion "1"]
[SourceVersionDate "2021.10.06"]
[SourceQuality "1"]
[WhiteTeam "Sodingen/Castrop SK"]
[BlackTeam "Dortmund SV"]
[WhiteTeamCountry "GER"]
[BlackTeamCountry "GER"]

1. e4 c5 2. Nc3 g6 3. g3 Bg7 4. Bg2 Nc6 5. d3 d6 6. Be3 e5 7. f4 Nd4 8. Nf3 Ne7 9. 0-0 0-0 10. Qd2 Rb8 11. Nh4 exf4 12. Bxf4 Nec6 13. Nd5 f6 14. Bh6 Be6 15. Bxg7 Kxg7 16. Ne3 Ne5 17. c3 Nb5 18. h3 Kh8 19. Rf2 Qd7 20. Kh2 Qg7 21. b3 Nd7 22. Raf1 Qh6 23. d4 Rbc8 24. d5 Bg8 25. a4 Nc7 26. Qe2 Qg7 27. Nc4 Qe7 1/2-1/2

[Event "Ruhrgebiet Regionalliga 1617"]
[Site "Germany"]
[Date "2017.05.07"]
[Round "9.7"]
[White "Korste, Sebastian"]
[Black "Mueller, Frank"]
[Result "1/2-1/2"]
[WhiteElo "1923"]
[BlackElo "2025"]
[PlyCount "53"]
[EventDate "2016.09.11"]
[EventType "team-tourn"]
[EventRounds "9"]
[EventCountry "GER"]
[SourceTitle "EXT 2022"]
[Source "ChessBase"]
[SourceDate "2021.10.06"]
[SourceVersion "1"]
[SourceVersionDate "2021.10.06"]
[SourceQuality "1"]
[WhiteTeam "Borbeck Weisse Dame"]
[BlackTeam "Sodingen/Castrop SK"]
[WhiteTeamCountry "GER"]
[BlackTeamCountry "GER"]

1. d4 Nf6 2. c4 g6 3. Nc3 d5 4. cxd5 Nxd5 5. e4 Nxc3 6. bxc3 Bg7 7. Bg5 c5 8. Rc1 Qa5 9. Qd2 h6 10. Be3 cxd4 11. cxd4 Qxd2+ 12. Kxd2 0-0 13. Bb5 Rd8 14. Ne2 Nc6 15. d5 e6 16. Rxc6 bxc6 17. Bxc6 Rb8 18. Rc1 exd5 19. exd5 Rb2+ 20. Rc2 Rxc2+ 21. Kxc2 Bf5+ 22. Kb3 a6 23. Kc4 Bb1 24. a4 Ba2+ 25. Kc5 Bf8+ 26. Kd4 Bg7+ 27. Kc5 1/2-1/2

[Event "Ruhrgebiet Regionalliga 1617"]
[Site "Germany"]
[Date "2017.02.26"]
[Round "7.7"]
[White "Fiebig, Thomas"]
[Black "Mueller, Frank"]
[Result "1-0"]
[WhiteElo "2421"]
[BlackElo "2028"]
[PlyCount "81"]
[EventDate "2016.09.11"]
[EventType "team-tourn"]
[EventRounds "9"]
[EventCountry "GER"]
[SourceTitle "EXT 2022"]
[Source "ChessBase"]
[SourceDate "2021.10.06"]
[SourceVersion "1"]
[SourceVersionDate "2021.10.06"]
[SourceQuality "1"]
[WhiteTeam "Brackel SF"]
[BlackTeam "Sodingen/Castrop SK"]
[WhiteTeamCountry "GER"]
[BlackTeamCountry "GER"]

1. e4 c5 2. c3 Nf6 3. e5 Nd5 4. Nf3 e6 5. d4 cxd4 6. cxd4 d6 7. Bc4 Be7 8. 0-0 0-0 9. a3 b6 10. Bxd5 exd5 11. Nc3 Be6 12. Bf4 Nc6 13. Qd3 h6 14. Nb5 dxe5 15. Nxe5 Nxe5 16. Bxe5 Qd7 17. Rfe1 Rac8 18. Nc3 Rfe8 19. h3 f6 20. Bf4 Bd6 21. Bxd6 Qxd6 22. Re3 Bf7 23. Rae1 Rxe3 24. Rxe3 Rc4 25. g3 a5 26. Kh2 Qd7 27. b3 Rc8 28. Qe2 Qf5 29. Qf3 Qd7 30. Qf4 b5 31. h4 b4 32. axb4 axb4 33. Na4 Rc2 34. Nc5 Qb5 35. Kg2 Rb2 36. Re1 Qa5 37. Qb8+ Kh7 38. Qb7 Qa2 39. Nd3 Rxb3 40. Qxf7 Rxd3 41. Re7 1-0

[Event "Ruhrgebiet Regionalliga 1617"]
[Site "Germany"]
[Date "2017.01.15"]
[Round "5.7"]
[White "Heldt, Maximilian"]
[Black "Mueller, Frank"]
[Result "1-0"]
[WhiteElo "2031"]
[BlackElo "2028"]
[PlyCount "43"]
[EventDate "2016.09.11"]
[EventType "team-tourn"]
[EventRounds "9"]
[EventCountry "GER"]
[SourceTitle "EXT 2022"]
[Source "ChessBase"]
[SourceDate "2021.10.06"]
[SourceVersion "1"]
[SourceVersionDate "2021.10.06"]
[SourceQuality "1"]
[WhiteTeam "Katernberg SF III"]
[BlackTeam "Sodingen/Castrop SK"]
[WhiteTeamCountry "GER"]
[BlackTeamCountry "GER"]

1. c4 Nf6 2. Nc3 e5 3. g3 Nc6 4. Bg2 Bc5 5. Nf3 a6 6. 0-0 d6 7. a3 0-0 8. b4 Ba7 9. d3 h6 10. Rb1 Re8 11. Nd2 Ne7 12. a4 c6 13. Ba3 Be6 14. b5 axb5 15. cxb5 Bd4 16. Nce4 Nxe4 17. Nxe4 Nc8 18. e3 Ba7 19. Qc1 Qd7 20. bxc6 bxc6 21. Nf6+ gxf6 22. Bxc6 1-0

[Event "Ruhrgebiet Regionalliga 1617"]
[Site "Germany"]
[Date "2016.09.11"]
[Round "1.7"]
[White "Mueller, Frank"]
[Black "Simanowski, Mio"]
[Result "1-0"]
[WhiteElo "2013"]
[BlackElo "1948"]
[PlyCount "57"]
[EventDate "2016.09.11"]
[EventType "team-tourn"]
[EventRounds "9"]
[EventCountry "GER"]
[SourceTitle "EXT 2022"]
[Source "ChessBase"]
[SourceDate "2021.10.06"]
[SourceVersion "1"]
[SourceVersionDate "2021.10.06"]
[SourceQuality "1"]
[WhiteTeam "Sodingen/Castrop SK"]
[BlackTeam "Muelheim Nord III"]
[WhiteTeamCountry "GER"]
[BlackTeamCountry "GER"]

1. e4 e5 2. Nf3 Nc6 3. Bb5 a6 4. Ba4 Nf6 5. 0-0 b5 6. Bb3 Bc5 7. c3 Bb6 8. d4 d6 9. a4 Bb7 10. Re1 0-0 11. Bg5 h6 12. Bh4 g5 13. Bg3 exd4 14. cxd4 Ne7 15. d5 Ng6 16. axb5 axb5 17. Rxa8 Qxa8 18. Nd4 h5 19. f3 Qa7 20. Bf2 g4 21. Nc3 Ba6 22. Kh1 gxf3 23. gxf3 Nf4 24. Nc6 Nh3 25. Bh4 Qb7 26. Qd2 Kh7 27. e5 Nxd5 28. Bxd5 dxe5 29. Be4+ 1-0

[Event "Ruhrgebiet Regionalliga 1516"]
[Site "Germany"]
[Date "2016.02.07"]
[Round "6.4"]
[White "Boehm, Ingo"]
[Black "Mueller, Frank"]
[Result "1/2-1/2"]
[WhiteElo "2008"]
[BlackElo "2021"]
[PlyCount "55"]
[EventDate "2015.09.13"]
[EventType "team-tourn"]
[EventRounds "9"]
[EventCountry "GER"]
[SourceTitle "EXT 2022"]
[Source "ChessBase"]
[SourceDate "2021.10.06"]
[SourceVersion "1"]
[SourceVersionDate "2021.10.06"]
[SourceQuality "1"]
[WhiteTeam "Bochum-Linden"]
[BlackTeam "Sodingen/Castrop SK II"]
[WhiteTeamCountry "GER"]
[BlackTeamCountry "GER"]

1. e4 c5 2. Nf3 e6 3. d4 cxd4 4. Nxd4 a6 5. g3 Nf6 6. Bg2 Qc7 7. 0-0 d6 8. b3 Bd7 9. c4 Nc6 10. Nc2 Rc8 11. Ne3 Be7 12. Bb2 b5 13. cxb5 axb5 14. Qe2 Qb8 15. Nd2 0-0 16. Rfc1 Rfe8 17. a3 Na7 18. Ng4 Nxg4 19. Qxg4 Bf8 20. e5 dxe5 21. Ne4 Be7 22. Qh5 f6 23. b4 Rxc1+ 24. Rxc1 Rc8 25. Nc5 Bxc5 26. bxc5 Bc6 27. Bxc6 Rxc6 28. Qd1 1/2-1/2

[Event "NRW Class2 1415"]
[Site "Germany"]
[Date "2015.04.26"]
[Round "9.5"]
[White "Mueller, Frank"]
[Black "Juegel, Marcel"]
[Result "0-1"]
[WhiteElo "2030"]
[BlackElo "2162"]
[PlyCount "68"]
[EventDate "2014.09.14"]
[EventType "team-tourn"]
[EventRounds "9"]
[EventCountry "GER"]
[SourceTitle "EXT 2017"]
[Source "ChessBase"]
[SourceDate "2016.10.25"]
[SourceVersion "1"]
[SourceVersionDate "2016.10.25"]
[SourceQuality "1"]
[WhiteTeam "Castrop Rauxel"]
[BlackTeam "Aachen Aufwaerts II"]
[WhiteTeamCountry "GER"]
[BlackTeamCountry "GER"]

1. e4 e6 2. d4 b6 3. Bd3 Bb7 4. Nf3 c5 5. c3 Nf6 6. Qe2 Be7 7. Nbd2 d5 8. e5 Nfd7 9. 0-0 Nc6 10. a3 g5 11. b4 c4 12. Bb1 Qc7 13. a4 0-0-0 14. Ba3 g4 15. Ne1 Ndxe5 16. dxe5 Nxe5 17. f4 gxf3 18. Nexf3 Ng4 19. h3 h5 20. hxg4 hxg4 21. Ne5 f6 22. Nxg4 Kb8 23. Nf3 Rdg8 24. Nd4 Qg3 25. Qf3 Qh4 26. Nf5 exf5 27. Bxf5 Bd6 28. Qh3 Qxh3 29. gxh3 Rxh3 30. b5 Bc7 31. Kf2 d4 32. cxd4 Rf3+ 33. Ke2 Re8+ 34. Kd2 Bf4+ 0-1

[Event "NRW Class2 1415"]
[Site "Germany"]
[Date "2014.09.14"]
[Round "1.5"]
[White "Valkyser, Martin"]
[Black "Mueller, Frank"]
[Result "1-0"]
[WhiteElo "2184"]
[BlackElo "2030"]
[PlyCount "53"]
[EventDate "2014.09.14"]
[EventType "team-tourn"]
[EventRounds "9"]
[EventCountry "GER"]
[SourceTitle "EXT 2017"]
[Source "ChessBase"]
[SourceDate "2016.10.25"]
[SourceVersion "1"]
[SourceVersionDate "2016.10.25"]
[SourceQuality "1"]
[WhiteTeam "Katernberg II"]
[BlackTeam "Castrop Rauxel"]
[WhiteTeamCountry "GER"]
[BlackTeamCountry "GER"]

1. d4 Nf6 2. c4 g6 3. g3 Bg7 4. Bg2 d5 5. cxd5 Nxd5 6. Nf3 0-0 7. 0-0 Nb6 8. Nc3 Nc6 9. e3 Re8 10. Qe2 e5 11. dxe5 Nxe5 12. Nxe5 Bxe5 13. f4 Bg7 14. e4 Be6 15. Rd1 Qe7 16. Be3 Nc4 17. Bf2 Qb4 18. Rab1 Rad8 19. e5 Rxd1+ 20. Qxd1 Bf5 21. a3 Qa5 22. Be4 Nxb2 23. Qc2 Nc4 24. Bxf5 gxf5 25. Rxb7 Nxa3 26. Qb3 a6 27. Bb6 1-0

[Event "Oberliga NRW 1314"]
[Site "Germany"]
[Date "2014.04.06"]
[Round "8.8"]
[White "Stillger, Bernhard"]
[Black "Mueller, Frank"]
[Result "1-0"]
[WhiteElo "2195"]
[BlackElo "1978"]
[PlyCount "75"]
[EventDate "2013.09.15"]
[EventType "team-tourn"]
[EventRounds "9"]
[EventCountry "GER"]
[SourceTitle "EXT 2015"]
[Source "ChessBase"]
[SourceDate "2014.11.20"]
[SourceVersion "1"]
[SourceVersionDate "2014.11.20"]
[SourceQuality "1"]
[WhiteTeam "Dinslaken"]
[BlackTeam "Castrop Rauxel"]
[WhiteTeamCountry "GER"]
[BlackTeamCountry "GER"]

1. d4 Nf6 2. Nf3 g6 3. Bg5 Bg7 4. Nbd2 0-0 5. c3 d6 6. e4 Nbd7 7. Be2 e5 8. dxe5 dxe5 9. 0-0 h6 10. Bh4 Qe8 11. Qc2 b6 12. Rfe1 Bb7 13. a4 a5 14. Bb5 Qe6 15. Nf1 Nc5 16. N3d2 Rfd8 17. b4 axb4 18. cxb4 Na6 19. Rab1 c6 20. Bc4 Qd7 21. f3 b5 22. Be2 bxa4 23. Nc4 Qc7 24. Rec1 c5 25. bxc5 Qxc5+ 26. Bf2 Qe7 27. Nb6 Nb4 28. Qb2 Bf8 29. Nxa8 Rxa8 30. Bc5 Qxc5+ 31. Rxc5 Bxc5+ 32. Kh1 a3 33. Qxe5 a2 34. Ra1 Nd7 35. Qc7 Bc6 36. Bc4 Bd4 37. Rxa2 Nxa2 38. Qxc6 1-0

[Event "NRW Class playoff"]
[Site "Germany"]
[Date "2013.05.12"]
[Round "1.7"]
[White "Joergens, Markus"]
[Black "Mueller, Frank"]
[Result "1/2-1/2"]
[WhiteElo "2068"]
[BlackElo "1995"]
[PlyCount "126"]
[EventDate "2013.05.12"]
[EventType "team-match"]
[EventRounds "1"]
[EventCountry "GER"]
[SourceTitle "EXT 2017"]
[Source "ChessBase"]
[SourceDate "2016.10.25"]
[SourceVersion "1"]
[SourceVersionDate "2016.10.25"]
[SourceQuality "1"]
[WhiteTeam "Oberhausen"]
[BlackTeam "Castrop Rauxel"]
[WhiteTeamCountry "GER"]
[BlackTeamCountry "GER"]

1. d4 Nf6 2. c4 g6 3. Nc3 d5 4. Nf3 Bg7 5. e3 0-0 6. Qb3 e6 7. Bd2 b6 8. cxd5 exd5 9. Be2 Bb7 10. 0-0 Nbd7 11. Rfd1 c5 12. dxc5 Nxc5 13. Qa3 Re8 14. Be1 Qe7 15. Rac1 a5 16. Bb5 Red8 17. Na4 Qd6 18. Nxc5 bxc5 19. Qxc5 Ne4 20. Qxd6 Nxd6 21. Bc6 Bxc6 22. Rxc6 Bxb2 23. Rxd5 Ne4 24. Rxd8+ Rxd8 25. Kf1 Rd5 26. Rc4 f5 27. Ke2 Rb5 28. Kd1 Bf6 29. a4 Rb1+ 30. Rc1 Rb2 31. Rc2 Rb1+ 32. Ke2 Ra1 33. Bxa5 Rxa4 34. Bd2 h5 35. Ne1 Nxd2 36. Kxd2 f4 37. Rc6 fxe3+ 38. fxe3 Kf7 39. h3 g5 40. Ke2 g4 41. hxg4 Rxg4 42. Rc7+ Kg6 43. Kf3 Bh4 44. Nd3 Rg3+ 45. Kf2 Rg4+ 46. Kf1 Bg3 47. Rc5 Ra4 48. Ke2 h4 49. Kf3 Ra2 50. Rb5 Ra3 51. Nc5 Bh2 52. Rb3 Ra5 53. Ne4 Rf5+ 54. Kg4 Re5 55. Rb6+ Kg7 56. Nd6 Bg3 57. Nf5+ Kf7 58. Rb4 Kf6 59. e4 Bf2 60. Nxh4 Rg5+ 61. Kh3 Bxh4 62. Kxh4 Rxg2 63. Kh3 Rg8 1/2-1/2

[Event "Ruhrgebiet VK2 1213"]
[Site "Nordrheinwestfalen"]
[Date "2013.02.03"]
[Round "6"]
[White "Bachmann, Karlheinz"]
[Black "Mueller, Frank"]
[Result "1/2-1/2"]
[WhiteElo "2110"]
[BlackElo "2001"]
[PlyCount "31"]
[EventDate "2012.09.02"]
[EventType "team-tourn"]
[EventRounds "9"]
[EventCountry "GER"]
[SourceTitle "EXT 2020"]
[Source "ChessBase"]
[SourceDate "2019.10.17"]
[SourceVersion "1"]
[SourceVersionDate "2019.10.17"]
[SourceQuality "1"]
[WhiteTeam "Katernberg SF III"]
[BlackTeam "Castrop Rauxel II"]
[WhiteTeamCountry "GER"]
[BlackTeamCountry "GER"]

1. c4 Nf6 2. Nc3 d5 3. cxd5 Nxd5 4. Nf3 g6 5. Qa4+ Nc6 6. Ne5 Bd7 7. Nxd7 Qxd7 8. g3 Nb6 9. Qd1 Bg7 10. Bg2 0-0 11. d3 Rab8 12. 0-0 e5 13. Ne4 Nd5 14. Nc5 Qd6 15. Ne4 Qd7 16. Nc5 1/2-1/2

[Event "Ruhrgebiet VK2 1213"]
[Site "Nordrheinwestfalen"]
[Date "2012.09.02"]
[Round "1"]
[White "Sinnwell, Horst"]
[Black "Mueller, Frank"]
[Result "1-0"]
[WhiteElo "2011"]
[BlackElo "2001"]
[PlyCount "125"]
[EventDate "2012.09.02"]
[EventType "team-tourn"]
[EventRounds "9"]
[EventCountry "GER"]
[SourceTitle "EXT 2020"]
[Source "ChessBase"]
[SourceDate "2019.10.17"]
[SourceVersion "1"]
[SourceVersionDate "2019.10.17"]
[SourceQuality "1"]
[WhiteTeam "Kirchhellen SF"]
[BlackTeam "Castrop Rauxel II"]
[WhiteTeamCountry "GER"]
[BlackTeamCountry "GER"]

1. Nf3 c5 2. c4 g6 3. d4 cxd4 4. Nxd4 Bg7 5. e3 Nc6 6. Nc3 Nf6 7. Be2 0-0 8. 0-0 d6 9. Bf3 Bd7 10. b3 Qb6 11. Bb2 Rfc8 12. Rc1 a6 13. Rc2 Be8 14. Rd2 Rab8 15. Qa1 Qa5 16. Rfd1 Nxd4 17. Rxd4 b5 18. b4 Qxb4 19. cxb5 Qa5 20. Ra4 Qc7 21. Rxa6 Bxb5 22. Nxb5 Rxb5 23. Rc6 Qb8 24. Rxc8+ Qxc8 25. a4 Rc5 26. a5 Qa6 27. Bc3 Ne8 28. Qa4 Bxc3 29. Qxe8+ Kg7 30. Qxe7 Qxa5 31. Qxd6 Be5 32. Qd3 Qc7 33. g3 Rc1 34. Kg2 Rxd1 35. Bxd1 Qd6 36. Qe2 Qd5+ 37. e4 Qd4 38. f4 Bc7 39. Qc2 Bb6 40. Be2 Qf2+ 41. Kh3 h5 42. e5 Bd4 43. Qc4 h4 44. Qa6 Bb6 45. Qd3 hxg3 46. hxg3 Qe3 47. Qb5 Qg1 48. Qc6 Bf2 49. Qf3 Bd4 50. Bc4 Bf2 51. Bd3 Bd4 52. Bb5 Bf2 53. Bc4 Be1 54. Bd5 Qf2 55. Qd3 Qg1 56. Bg2 Qf2 57. Be4 Qd2 58. Qf3 Qf2 59. Qg4 Qf1+ 60. Bg2 Qf2 61. Qg5 Qe2 62. Qf6+ Kh6 63. Qh8# 1-0